Windows on the House of Islam (Record no. 12427)

MARC details
000 -LEADER
fixed length control field 00713nam a2200253 a 4500
020 ## - INTERNATIONAL STANDARD BOOK NUMBER
ISBN 8121535
082 00 - DEWEY DECIMAL CLASSIFICATION NUMBER
Classification number 297.1
Author Cutter REN
100 ## - MAIN ENTRY--AUTHOR NAME
Author name Renard, John
245 ## - TITLE STATEMENT
Title Windows on the House of Islam
Sub title Muslim Sources on Spirituality and Religious Li
260 ## - PUBLICATION, DISTRIBUTION, ETC. (IMPRINT)
Place of publication New Delhi
Name of publisher Munshiram Manoharlal Publishers
Year of publication 1999
300 ## - PHYSICAL DESCRIPTION
Number of Pages 431p.
500 ## - GENERAL NOTE
General note includes index and biblioraphy
505 2# - FORMATTED CONTENTS NOTE
Formatted contents note Communal and Ethinic Violence in India.
650 ## - SUBJECT ADDED ENTRY--TOPICAL TERM
Topical Term Islam-Meccan Trade
650 ## - SUBJECT ADDED ENTRY--TOPICAL TERM
Topical Term Sufism
942 ## - ADDED ENTRY ELEMENTS (KOHA)
Koha item type Books
700 1# -
-- Renard, John
Holdings
Collection code Home library Current library Date acquired Cost, normal purchase price Full call number Accession Number Koha item type
  Henry Martyn Institute Library Henry Martyn Institute Library 01/12/2009 675.00 297.1 REN 019539 Books
                   Copyright © 2026 | Henry Martyn Institute | Hyderabad | TS-500052 | INDIA | Implemented by hmi.edu.in
Hit-Count:

Powered by Koha